[Event "AUTO-ADV-4900"]
[Site "http://www.queenalice.com/game.php?id=1864723"]
[Date "2025.10.25"]
[Round "1"]
[White "dosoldini"]
[Black "Castling"]
[Result "0-1"]
[WhiteElo "1628"]
[BlackElo "1866"]

1. e4 e5 2. Nc3 a6 3. Bc4 Nf6 4. Nf3 h6 5. Nxe5 d5 6. exd5 Bd6 7. Qe2 O-O 8. d3
Re8 9. d4 Nbd7 10. f4 Nb6 11. Bd2 Bf5 12. h3 Bxc2 13. Rc1 Bf5 14. g4 Bh7 15. a3
Nxc4 16. Qxc4 Nd7 17. O-O Nb6 18. Qd3 Bxd3 19. Nxd3 Qh4 20. Rf3 Nc4 21. Rc2 Ne3
22. Bxe3 Re7 23. Bf2 Qf6 0-1

[Event "AUTO-ADV-4900"]
[Site "http://www.queenalice.com/game.php?id=1864724"]
[Date "2025.10.25"]
[Round "1"]
[White "Castling"]
[Black "dosoldini"]
[Result "1-0"]
[WhiteElo "1874"]
[BlackElo "1634"]

1. e4 e5 2. Bc4 Nf6 3. d3 h6 4. Nf3 Nc6 5. a3 a6 6. h3 Bc5 7. Qe2 b5 8. Bd5 Nxd5
9. exd5 Ne7 10. Nxe5 O-O 11. Bxh6 Nf5 12. Qg4 Nxh6 13. Qg3 Qf6 14. O-O d6 15.
Ng4 Nxg4 16. hxg4 Qg6 17. Nd2 Bxg4 18. Ne4 f5 19. Nxc5 dxc5 20. Qxc7 Bh3 21. Qg3
Bg4 22. f3 Bh5 23. Qxg6 Bxg6 24. f4 Rad8 25. c4 Bh5 26. Rae1 Rd6 27. Re6 Rd7 28.
Rfe1 Bf7 29. Rxa6 bxc4 30. dxc4 Kh7 31. Re5 g6 32. b4 cxb4 33. axb4 Kh6 34. b5
1-0

[Event "AUTO-ADV-4900"]
[Site "http://www.queenalice.com/game.php?id=1864725"]
[Date "2025.10.25"]
[Round "1"]
[White "dosoldini"]
[Black "Capixaba789"]
[Result "0-1"]
[WhiteElo "1666"]
[BlackElo "1897"]

1. e4 e5 2. Nf3 d6 3. Be2 f5 4. Nc3 Nf6 5. Bc4 Be7 6. Ng5 Rf8 7. Qf3 f4 8. Nd5
Bg4 9. Nxf6+ Bxf6 10. Qxg4 Bxg5 11. Qh5+ g6 12. Qh3 h5 13. Qe6+ Qe7 14. Qxg6+
Kd8 15. Qxh5 Nd7 16. Qg4 c6 17. Be6 Nc5 18. Bf5 a5 19. d3 Bf6 20. g3 fxg3 21.
hxg3 Qg7 22. Bg6 b5 23. Bh6 Qg8 24. Bxf8 Qxf8 25. b4 axb4 26. Qd1 Kc7 27. Rh7+
Kb6 28. Rf7 Qh8 29. Rh7 Qg8 30. Qh5 Rxa2 31. Rxa2 Qxa2 32. Qd1 b3 33. Kd2 b2 34.
Rh1 Nb3+ 35. cxb3 b1=Q+ 36. Kc3 Qaa1+ 0-1

[Event "AUTO-ADV-4900"]
[Site "http://www.queenalice.com/game.php?id=1864726"]
[Date "2025.10.25"]
[Round "1"]
[White "Capixaba789"]
[Black "dosoldini"]
[Result "1-0"]
[WhiteElo "1908"]
[BlackElo "1643"]

1. d4 d5 2. Nc3 Nf6 3. f4 e6 4. Nf3 Bb4 5. Bd2 Ne4 6. e3 Nc6 7. Nxe4 dxe4 8. Ne5
O-O 9. c3 Be7 10. Be2 f6 11. Nxc6 bxc6 12. O-O f5 13. b4 Qd6 14. a3 Rf6 15. c4
Rh6 16. c5 Qd8 17. Be1 g5 18. fxg5 Bxg5 19. Bf2 Qf6 20. Rb1 Bd7 21. a4 Be8 22.
b5 f4 23. exf4 Bxf4 24. h3 Qg6 25. Bg4 Bd7 26. Rb3 Rb8 27. Be3 Bxe3+ 28. Rxe3
Rd8 29. Rg3 Kh8 30. Rf4 e5 31. dxe5 Qg5 32. Qf1 Qg7 33. Rxe4 Be8 34. Rf3 Bg6 35.
Ree3 Re8 36. e6 Rh4 37. Qe1 Rh6 38. e7 Bf7 39. Bd7 Rg8 40. Rg3 Rxh3 41. Rxg7
Rxe3 42. Rxg8+ Kxg8 43. Qxe3 1-0

[Event "AUTO-INT-3937"]
[Site "http://www.queenalice.com/game.php?id=1865136"]
[Date "2025.11.4"]
[Round "2"]
[White "Castling"]
[Black "dosoldini"]
[Result "0-1"]
[WhiteElo "1803"]
[BlackElo "1623"]

1. e4 e5 2. Bc4 Bc5 3. Nf3 Nc6 4. a3 h6 5. Nc3 d6 6. h3 f5 7. Bxg8 Rxg8 8. Nd5
Be6 9. O-O fxe4 10. Nh2 Bxd5 11. Qh5+ Bf7 12. Qe2 Qf6 13. Qxe4 Bg6 14. Qd5 Bf7
15. Qf3 Qg6 16. d3 O-O-O 17. Qg4+ Qxg4 18. Nxg4 Ne7 19. b4 Bd4 20. Rb1 Nd5 21.
c4 Bg6 22. Rb3 Nc3 23. Be3 Ne2+ 24. Kh1 Bxd3 25. Rxd3 Rgf8 26. Rfd1 Rf5 27. Bxd4
Nxd4 28. Kg1 h5 29. Ne3 Rg5 30. Nd5 Rd7 31. Rf3 Nxf3+ 32. Kh1 Nd4 33. Rd2 Ne6
34. g3 Rg6 35. Kg2 c6 36. Ne3 Nf4+ 37. Kh2 Ne6 38. Nf5 Rf6 39. Nxd6+ Kd8 40.
Nxb7+ Kc7 41. Rxd7+ Kxd7 42. Nc5+ Nxc5 0-1

[Event "AUTO-INT-3937"]
[Site "http://www.queenalice.com/game.php?id=1865137"]
[Date "2025.11.4"]
[Round "2"]
[White "dosoldini"]
[Black "Castling"]
[Result "0-1"]
[WhiteElo "1614"]
[BlackElo "1852"]

1. Nc3 Nf6 2. e4 Nc6 3. Bc4 Ne5 4. b3 Nxc4 5. bxc4 e5 6. a3 Bc5 7. d3 h6 8. h3
a6 9. Nf3 d6 10. d4 exd4 11. Nxd4 O-O 12. Be3 Bxd4 13. Bxd4 Be6 14. Qd3 c5 15.
Be3 b6 16. Bf4 Re8 17. Qg3 Nh5 18. Qf3 Nxf4 19. Qxf4 Bxc4 20. Rd1 Ra7 21. Rxd6
Qc7 22. e5 Be6 23. Qf3 Bc8 24. Nd5 Qxd6 25. Nf6+ Qxf6 26. O-O Rxe5 0-1

[Event "AUTO-ADV-4903"]
[Site "http://www.queenalice.com/game.php?id=1865403"]
[Date "2025.11.10"]
[Round "1"]
[White "dosoldini"]
[Black "Capixaba789"]
[Result "0-1"]
[WhiteElo "1628"]
[BlackElo "1883"]

1. e4 e5 2. Nf3 d6 3. Nc3 f5 4. d4 Nf6 5. Bd3 Be7 6. exf5 O-O 7. h3 exd4 8. Nxd4
c5 9. Ndb5 Nc6 10. Bc4+ Kh8 11. Bf4 Bxf5 12. Qe2 Re8 13. O-O a6 14. Bd3 Bxd3 15.
Qxd3 axb5 16. g4 Qc8 17. Qg3 b4 18. Ne2 d5 19. Qh4 Nd4 20. Nxd4 cxd4 21. Rfe1
Qxc2 22. b3 Qg6 23. f3 Bc5 24. g5 Rxe1+ 25. Rxe1 Rxa2 26. Kf1 Qd3+ 0-1

[Event "AUTO-ADV-4903"]
[Site "http://www.queenalice.com/game.php?id=1865404"]
[Date "2025.11.10"]
[Round "1"]
[White "Capixaba789"]
[Black "dosoldini"]
[Result "1-0"]
[WhiteElo "1910"]
[BlackElo "1633"]

1. d4 d5 2. Nc3 c6 3. f4 Bf5 4. Nf3 e6 5. e3 Bd6 6. Bd3 Qe7 7. O-O Nf6 8. Ne5
Bxe5 9. fxe5 Bg4 10. Qe1 Nh5 11. Bd2 Nd7 12. Ne2 O-O 13. Nf4 Nxf4 14. Rxf4 f6
15. Rxg4 f5 16. Rh4 Rf7 17. Qg3 Raf8 18. Rf1 c5 19. c3 Kh8 20. Qh3 g5 21. Rh5
cxd4 22. exd4 Rg7 23. a3 Qf7 24. Be2 g4 25. Qh4 f4 26. Bxg4 Rfg8 27. h3 Nf8 28.
Rh6 Qe7 29. Qxe7 Rxe7 30. Bxf4 Ng6 31. Bg5 Reg7 32. Bxe6 Rf8 33. Rxf8+ Nxf8 34.
Bf6 Nxe6 35. Bxg7+ Nxg7 36. Rd6 1-0

[Event "AUTO-INT-3952"]
[Site "http://www.queenalice.com/game.php?id=1865835"]
[Date "2025.11.19"]
[Round "1"]
[White "dosoldini"]
[Black "jenyasm"]
[Result "1-0"]
[WhiteElo "1667"]
[BlackElo "1606"]

1. e4 e5 2. Nf3 Nc6 3. a3 d6 4. Nc3 a6 5. h3 h6 6. d3 Nf6 7. Be3 d5 8. exd5 Nxd5
9. Nxd5 Qxd5 10. c4 Qe6 11. d4 exd4 12. Nxd4 Nxd4 13. Qxd4 c5 14. Qc3 f6 15. Bd3
Bd7 16. Bg6+ Kd8 17. O-O Bd6 18. b4 cxb4 19. axb4 Be5 20. Bd4 Bxd4 21. Qxd4 Rc8
22. c5 Rf8 23. Rae1 Qc6 24. Bf5 Rf7 25. Re6 Qc7 26. Rfe1 Rf8 27. Bg6 Rb8 28.
Re8+ Rxe8 29. Rxe8# 1-0

[Event "AUTO-OPEN-4629"]
[Site "http://www.queenalice.com/game.php?id=1866825"]
[Date "2025.12.9"]
[Round "1"]
[White "SGF"]
[Black "dosoldini"]
[Result "1-0"]
[WhiteElo "1805"]
[BlackElo "1653"]

1. e4 e5 2. Qf3 Nf6 3. d3 h6 4. Be2 d6 5. Qg3 Be6 6. h4 h5 7. Bg5 Nbd7 8. Nc3
Be7 9. a4 Ng4 10. Bxg4 Bxg4 11. f3 Be6 12. Bxe7 Qxe7 13. Qxg7 Rf8 14. Qh6 O-O-O
15. Qe3 Nb6 16. a5 Kd7 17. axb6 cxb6 18. Rxa7 1-0